|
|
|
|
| LEADER |
00000cas a2200000 a 4500 |
| 001 |
vtls009180849 |
| 003 |
SK-MaSNL |
| 005 |
20260228161125.0 |
| 008 |
080205c20029999hu ar 0 b0eng |
| 022 |
|
|
|a 1589-004X
|
| 040 |
|
|
|a SNK
|b slo
|c SNK
|e AACR2
|
| 041 |
0 |
|
|a eng
|
| 044 |
|
|
|a hu
|c HU
|
| 072 |
|
7 |
|a 09
|x Rukopisy, prvotlače, staré tlače. Vzácne a pozoruhodné diela
|2 konspekt
|
| 080 |
|
|
|a 09
|2 2011
|
| 080 |
|
|
|a (055)
|2 2011
|
| 080 |
|
|
|a 050
|2 2011
|
| 110 |
2 |
|
|a Országos Széchényi Könyvtár (Budapešť, Maďarsko)
|9 35819
|
| 210 |
0 |
|
|a Bull. - Natl. Széchényi Lib.
|
| 222 |
|
0 |
|a Bulletin ... - National Széchényi Library
|
| 245 |
1 |
0 |
|a Bulletin ...
|c National Széchényi Library
|
| 246 |
3 |
|
|a Bulletin ... - National Széchényi Library
|
| 260 |
|
|
|a Budapest
|b Bibliotheca Nationalis Hungariae
|c 2002-
|
| 300 |
|
|
|a zv.
|c 30 cm
|
| 310 |
|
|
|a 1x ročne
|
| 362 |
0 |
|
|a 2002-
|
| 500 |
|
|
|a Súčasťou názvu je označenie bežného roku
|
| 650 |
0 |
7 |
|a vzácne knihy
|2 SNKPH
|9 66779
|
| 655 |
|
7 |
|a bulletiny
|2 SNKPH
|9 70453
|
| 910 |
|
|
|a snk
|
| 999 |
|
|
|c 4404
|d 6334
|
| 952 |
|
|
|0 0
|1 1
|4 0
|7 0
|8 2
|a SNK
|b SNK
|d 2008-02-05
|g 5.74
|i snk2008/2892
|l 0
|o snkČB 5800/2002
|p 17A0574405
|r 2026-02-21 20:38:55
|w 2026-02-21
|y PREZ
|
| 952 |
|
|
|0 0
|1 1
|4 0
|7 0
|8 2
|a SNK
|b SNK
|d 2008-02-05
|g 5.74
|i snk2008/2893
|l 0
|o snkČB 5800/2003
|p 17A0574406
|r 2026-02-21 20:38:57
|w 2026-02-21
|y PREZ
|
| 952 |
|
|
|0 0
|1 1
|4 0
|7 0
|8 0
|a SNK
|b SNK
|d 2008-02-05
|g 10.22
|i snk2008/2894
|l 0
|o snkČB 5800/2004
|p 17A0574407
|r 2026-02-21 20:39:00
|w 2026-02-21
|y PREZ
|
| 952 |
|
|
|0 0
|1 1
|4 0
|7 0
|8 2
|a SNK
|b SNK
|d 2008-02-05
|g 10.22
|i snk2008/2895
|l 0
|o snkČB 5800/2005
|p 17A0574408
|r 2026-02-21 20:39:00
|w 2026-02-21
|y PREZ
|
| 952 |
|
|
|0 0
|1 1
|4 0
|7 0
|8 2
|a SNK
|b SNK
|d 2008-02-05
|g 8.63
|i snk2008/2896
|l 0
|o snkČB 5800/2006
|p 17A0574409
|r 2026-02-21 20:39:00
|w 2026-02-21
|y PREZ
|